000 00343nam a2200157Ia 4500
008 210210b1926 xxu||||| |||| 00| 0 eng d
041 _aeng
082 _a883/28
100 _aBHAVABHUTI
245 _aMAlaTi madhava
260 _aBombay
_b-
_c1926
650 _aMAlaTi
650 _amadhava
690 _aSanskrit Drama
906 _a024358
999 _c149848
_d149848